000 01162nam a2200289Ia 4500
008 130821s2009 fr ab gr fre
020 _a9782863642207
040 _aCo-BoUCM
_bspa
041 0 0 _afre
245 0 0 _aProjets et stratégies urbaines
_bregards comparatifs
_cAlain Bourdin, Robert Prost, directores
260 _aMarsella (Provenza, Francia)
_bParentheses
_c2009
300 _a283 páginas
_bmapas
490 0 _aColección.
_pLa ville en train de se faire
504 _aIncluye bibliografía.
650 0 4 _aCiudades y pueblos
_zFrancia
_vEstudio de casos
_910961
650 0 4 _aDesarrollo de la comunidad
_zFrancia
_vEstudio de casos
_912938
650 0 4 _aEstructura urbana
_zFrancia
_vEstudio de casos
_915154
650 0 4 _aPlanificación regional
_zFrancia
_vEstudio de casos
_97932
650 0 4 _aSociología urbana
_zFrancia
_vEstudio de casos
_924816
650 0 4 _aSociología
_9386
650 0 4 _aUrbanismo
_925989
650 0 4 _aUrbanismo
_zFrancia
_vEstudio de casos
_98216
700 1 _aBourdin, Alain
_edir.
_9165954
700 1 _aProst, Robert
_edir.
_9165955
942 _cLIBRO
_a17
_e1
_mP964
_2DEWEY
_h711.4
999 _c63969
_d63969